| 000 | 00918nam a2200217Ia 4500 | ||
|---|---|---|---|
| 003 | Ost | ||
| 005 | 20260507075738.0 | ||
| 008 | 260507s9999||||xx |||||||||||||| ||und|| | ||
| 040 | _cfsecg | ||
| 041 | _aara | ||
| 082 | _a330 | ||
| 100 |
_aمصطفى، نهال فريد _eمؤلف |
||
| 245 | 0 |
_aإدارة المواد والإمداد : _bإدارة المخازن-إدارة المشتريات النقل والشحن / _c نهال فريد مصطفى |
|
| 260 |
_aالاسكندرية: _bالمكتب الجامعي الحديث, _c2008 |
||
| 300 |
_a326 صفحة؛ _bإيضاحات ؛ _c24 سم |
||
| 520 | _aالمدخل المتكامل لوظيفة اللوجستيات،أنشطة اللوجستيات،تنظيم وإدارة وظيفة اللوجستيات | ||
| 653 | _aإدارة المخازن | ||
| 653 | _aإدارة المشتريات | ||
| 653 | _aإدارة المواد | ||
| 942 | _cكتاب | ||
| 999 |
_c46116 _d46116 |
||